Návrh a výroba adaptácie polohovacieho a upínacieho prípravku

Na minha lista:
Detalhes bibliográficos
Autor principal: Šedovič, Viliam (Author)
Outros Autores: Moravčíková, Jana (Thesis advisor)
Formato: Manuscrito Livro
Idioma:eslovaco
Publicado em: 2020
Assuntos:
Acesso em linha:http://is.stuba.sk/zp/portal_zp.pl?podrobnosti=151252
Tags: Adicionar Tag
Sem tags, seja o primeiro a adicionar uma tag!

MARC

LEADER 00000ntm a22000003a 4500
001 stuzp78344
003 SK-STU
005 20200704211948.6
007 ta
008 150427s2015----xo-----f-mn---000-0-slo-d
040 |a STU  |b slo 
041 0 |a slo 
100 1 |a Šedovič, Viliam  |u 063000  |k Z4  |4 aut  |U MTF Materiálovotechnologická fakulta  |T MTF Ústav výrobných technológií  |X 80244  |U M3000  |Y 83  |7 80244 
242 0 1 |a Design and production of adaptation of positioning fixture  |y eng 
245 1 0 |a Návrh a výroba adaptácie polohovacieho a upínacieho prípravku 
260 |c 2020 
650 4 |a prípravok  |2 slo 
650 4 |a upínací systém  |2 slo 
650 4 |a návrh  |2 slo 
650 4 |a výroba  |2 slo 
650 4 |a fixture  |2 eng 
650 4 |a clamping system  |2 eng 
650 4 |a CAD system  |2 eng 
650 4 |a production  |2 eng 
700 1 |a Moravčíková, Jana  |u 063200  |k Z1  |4 ths  |U MTF Ústav výrobných technológií  |T MTF Katedra obrábania a počítačovej podpory technológií  |X 1526  |U M3200  |Y 164  |7 A000001526 
856 4 |u http://is.stuba.sk/zp/portal_zp.pl?podrobnosti=151252 
996 |c M* DP-14430  |l MMSKP  |s P  |a 0  |w stuzp78344_0001